000
00229nam a22000857a 4500
008
160704b xxu||||| |||| 00| 0 eng d
100
_9
1917
_a
Srivastava, D.N
245
_a
General Psychology
260
_a
Agra
_b
Vinod Pustak Mandir
_c
2005
999
_c
1619
_d
1619